Lanean...

General Studies 2013 Paper-1: For Civil Services Preliminary Examination

Xehetasun bibliografikoak
Egile nagusia: Chand Tara
Formatua: Printed Book
Hizkuntza:Undetermined
Argitaratua: New Delhi 2013
Tata McGraw Hill Education Private Limited
Gaiak:
LEADER 00724nam a2200241Ia 4500
008 141122s9999 xx 000 0 und d
020 |a 9781259027154 
040 |c . 
041 |a English 
082 |a 1 
082 |b TAR/GE 
100 |a Chand Tara 
245 |a General Studies 2013 Paper-1: For Civil Services Preliminary Examination 
245 |c Chand Tara 
260 |b New Delhi 
260 |b Tata McGraw Hill Education Private Limited 
260 |c 2013 
300 |a 310 Pages 
365 |a 1250/-  
650 |a General Studies 
942 |c REF 
999 |c 4558  |d 4558 
952 |0 0  |1 0  |4 0  |6 1_000000000000000_TARGE  |7 0  |9 4517  |a COVAS  |b COVAS  |d 0000-00-00  |g 1250.00  |o 1 TAR/GE  |p 20344  |r 2015-12-01  |w 2014-11-26  |y REF